000 00280nam a2200109Ia 4500
008 220120s9999||||xx |||||||||||||| ||und||
100 _aPerry, Douglas, L
245 0 _aVHDL Programming by example
260 _aTata mcgraw hill
_bDelhi
_c2002
300 _b295
650 _aCHEMISTRY
999 _c132069
_d132069